00374nam a2200157Ia 4500008004100000041000800041082001600049100001900065245003900084250000600123260002700129300000800156365000700164500000700171650003800178231222s2022 xx 000 0 und d aeng a612.015/BHI aDr. S.B. Bhise aBiochemistry and Clincal Pathology a1 bNirali Prakashanc2022 a14p cRS aBV aBiochemistry & Clinical Pathology